El Foro romano de Ampurias : excavaciones del año 1982 : una aproximación arqueológica al proceso histórico de la romanización en el noreste de la Península Ibérica / Javier Aquilué Abadías, Ricardo Mar Medina, Josep M. Nolla i Brufau, ... [et al] ; dirección y edición de la obra a cargo de Enric Sanmartí i Grego excavaciones del año 1982 :
Descripción Física:
65 p., 26 plànols plegats ; 28 cm
MARC
| LEADER | 00000nam a2200000Ia 4500 | ||
|---|---|---|---|
| 001 | 1864, 7665 | ||
| 008 | 160829s1984 xx 000 0 cat d | ||
| 080 | |a H-1-60 | ||
| 245 | |a El Foro romano de Ampurias : |b excavaciones del año 1982 : |b una aproximación arqueológica al proceso histórico de la romanización en el noreste de la Península Ibérica / Javier Aquilué Abadías, Ricardo Mar Medina, Josep M. Nolla i Brufau, ... [et al] ; dirección y edición de la obra a cargo de Enric Sanmartí i Grego | ||
| 260 | |a Barcelona : |b [Instituto de Prehistoria y Arqueología], |c 1984 | ||
| 300 | |a 65 p., 26 plànols plegats ; |c 28 cm | ||
| 590 | |a Inclou els plànols en un portafolis en català | ||
| 650 | |a Romans |x Empúries (Ciutat antiga) |9 30644 | ||
| 650 | |a Arqueologia clàssica |9 30646 | ||
| 651 | 0 | |a Empúries (Ciutat antiga) |9 54667 | |
| 651 | 0 | |a Empúries (Ciutat antiga) |9 54667 | |
| 700 | |a Aquilué i Abadías, Xavier |9 30647 | ||
| 700 | |a Sanmartí i Grego, Enric, dir. |9 30648 | ||
| 710 | 2 | |a Institut de Prehistòria i Arqueologia (Barcelona, Catalunya) |9 52785 | |
| 901 | |a Arxiu | ||
| 942 | |n 1 | ||
| 952 | |0 0 |1 0 |4 0 |6 H160 |7 1 |9 45470 |a Arxiu |b Arxiu |d 2016-12-01 |l 0 |o H-1-60 |p 1864, 7665 |r 2016-12-01 00:00:00 |w 2016-12-01 |y ARXIU | ||
| 999 | |c 48635 |d 48635 | ||